| 000 | 00397nam a2200157Ia 4500 | ||
|---|---|---|---|
| 008 | 230312s9999||||xx |||||||||||||| ||und|| | ||
| 020 | _a0-07-113581-2 | ||
| 082 |
_a658.4038 _bPAR |
||
| 100 | _aParker, Charles | ||
| 245 | 0 | _aManagement Information System | |
| 260 |
_bMcGraw Hill _aLondon _c1993 |
||
| 300 | _a888 | ||
| 546 | _aEng. | ||
| 650 |
_aManagement _vPeople and organizations |
||
| 942 | _cBK | ||
| 999 |
_c516 _d516 |
||